000 00302nam a2200133Ia 4500
008 231129s1951||||xx |||||||||||||| ||spa||
040 _bspa
082 _a923.24 T235p
100 _aTaxonera Luciano de
245 0 _aPoliticos del siglo XIX
260 _c1951
264 _aArgos
942 _2ddc
_cBKS
999 _c23032
_d23032